[Event "Bergzabern RLP-ch MTA"]
[Site "?"]
[Date "2002.07.12"]
[Round "10"]
[White "Köhler, Patrick"]
[Black "Schön, Ralf,Dr."]
[Result "0-1"]
[WhiteElo "2171"]
[BlackElo "2235"]
[PlyCount "189"]

1. d4 Nf6 2. c4 e6 3. Nf3 b6 4. Nc3 Bb4 5. Qc2 Bb7 6. e3 Bxc3+ 7. Qxc3 O-O 8.
Bd3 d6 9. Qc2 Bxf3 10. gxf3 c5 11. dxc5 dxc5 12. Bd2 Nc6 13. O-O-O Qe7 14. Bc3
Nb4 15. Qb1 Nxd3+ 16. Rxd3 Qb7 17. e4 Nh5 18. Rg1 Qc7 19. e5 Qe7 20. Rdd1 Rad8
21. Rxd8 Rxd8 22. Qe4 g6 23. Qg4 Ng7 24. Rd1 Rxd1+ 25. Kxd1 Nf5 26. Ke2 Kg7 27.
b3 Qh4 28. Qxh4 Nxh4 29. Ke3 Nf5+ 30. Ke4 Ne7 31. a3 Nc6 32. b4 cxb4 33. axb4
a6 34. b5 axb5 35. cxb5 Na7 36. Bd4 Nxb5 37. Bxb6 Nc3+ 38. Kd3 Nd5 39. Bd8 Kh6
40. Ke4 Kh5 41. h4 Kh6 42. f4 Nb4 43. Kf3 Nc6 44. Bg5+ Kg7 45. Ke4 h5 46. Kd3
Kf8 47. Kc4 Ke8 48. Bh6 Ne7 49. Bg5 Nd5 50. Kd4 Kd7 51. Kc4 Kc6 52. Bh6 Nb6+
53. Kd4 Kb5 54. Bg5 Nd5 55. Bh6 Kb4 56. Bg5 Kb5 57. Bh6 Nb4 58. Kc3 Nd5+ 59.
Kd4 Ne7 60. Bg5 Nf5+ 61. Kd3 Kc5 62. Kc3 Nd4 63. Kd3 Kd5 64. Be7 Nf3 65. Ke3
Nh2 66. Bd8 Ng4+ 67. Ke2 Kc4 68. Bg5 Kc3 69. Bd8 Nh6 70. Kf3 Nf5 71. Bg5 Kd3
72. Bd8 Nd4+ 73. Kg2 Ke4 74. Bg5 Ne2 75. f3+ Kf5 76. Kf2 Nxf4 77. Kg3 Nd3 78.
f4 Ke4 79. Bh6 Nb4 80. Kf2 Nc2 81. Bg5 Nd4 82. Bh6 Nf5 83. Bg5 Nd4 84. Bh6 Kf5
85. Ke3 Nc2+ 86. Kf3 Nd4+ 87. Ke3 Kg4 88. Kxd4 Kxh4 89. Bg5+ Kg3 90. Ke3 h4 91.
f5 exf5 92. Bf4+ Kg2 93. Kd4 h3 94. Kd5 g5 95. Bh2 0-1